000 00840cam a2200289 i 4500
999 _c43898
_d43898
001 4633864
005 20181002092334.0
008 780822s1978 enkaf b 000 0 eng
010 _a 78310402
015 _aGB78-01026
020 _a0714180009
_a0714180017
040 _aDLC
_cDLC
_dDLC
043 _aa-iq---
100 1 _aMallowan, M. E. L.
_q(Max Edgar Lucien)
245 1 4 _aThe Nimrud ivories /
_cSir Max Mallowan.
260 _aLondon :
_bBritish Museum Publications Ltd.,
_cc1978.
300 _a63 p., [1] leaf of plates :
_bill. ;
_c24 cm.
336 _atext
337 _aunmediated
338 _avolume
490 0 _aA Colonnade book
504 _aBibliography: p. 61.
650 0 _aIvories, Assyro-Babylonian.
650 0 _aExcavations (Archaeology)
_zIraq.
651 0 _aCalah (Extinct city)
942 _2lcc
_cBK